The Social Policy Gender Gap among Political Elites: testing Attitudinal Explanations /
Gardado en:
| Autor Principal: | |
|---|---|
| Formato: | Libro |
| Idioma: | English |
| Acceso en liña: | texto completo |
| Etiquetas: |
Engadir etiqueta
Sen Etiquetas, Sexa o primeiro en etiquetar este rexistro!
|
MARC
| LEADER | 00000nam a22000007a 4500 | ||
|---|---|---|---|
| 003 | cru CIDCACS/IIS | ||
| 005 | 20181024112406.0 | ||
| 007 | ta | ||
| 008 | 181024s2017 -uk|||p|r||||||0| ||eng | | ||
| 999 | |c 41828 |d 41828 | ||
| 040 | |c cru CIDCACS/IIS | ||
| 100 | 1 | |9 7853 |a Ennser-Jedenastik, Laurenz | |
| 245 | 1 | 4 | |a The Social Policy Gender Gap among Political Elites: |b testing Attitudinal Explanations / |c Laurenz Ennser-Jedenastik |
| 300 | |a páginas 248-268 |b tablas | ||
| 773 | 0 | |0 40836 |9 2348 |d Reino Unido : Oxford University Press |o 18929 |t Social Politics: |x 10724745 | |
| 856 | |u https://academic.oup.com/sp/article/24/3/248/3926546 |y texto completo | ||
| 942 | |2 ddc |c PP | ||
